| 000 | 01239nam a22003617a 4500 | ||
|---|---|---|---|
| 001 | 000699 | ||
| 003 | DO-SdBPM | ||
| 005 | 20260310122204.0 | ||
| 007 | ta | ||
| 008 | 161114b 2004 sp a | |||| 00| 0 spa d | ||
| 020 | _a8420401633 | ||
| 040 |
_aDO-SdBPM _bspa _cBPMSU _erda |
||
| 082 | 0 | 4 |
_a823.91 _b M478u 2004 _222 |
| 100 | 1 |
_aMcCaughrean, Geraldine _d1952- _eautora _4aut. |
|
| 245 | 1 | 0 |
_aUna idea como una casa / _cGeraldine McCaughrean ; ilustraciones de Ross Collins ; traducción, Yolanda Delgado. |
| 264 |
_aMadrid : _bAlfaguara, _c2004. |
||
| 300 |
_a128 páginas : _bilustraciones ; _c20 cm. |
||
| 336 |
_atexto _btxt _2rdacontent |
||
| 337 |
_asin mediación _bn _2rdamedia |
||
| 338 |
_avolumen _bnc _2rdacarrier |
||
| 490 | 0 | _aPróxima parada Alfaguara | |
| 500 | _aPara niños a partir de los 8 años. | ||
| 500 | _aIncluye datos biográficos de la autora | ||
| 500 | _a | ||
| 590 | _aInvetariado, 2026/VM | ||
| 650 | 7 | _aNovela infantil inglesa | |
| 650 | 7 |
_aFamilia _xNovela infantil |
|
| 650 | 7 | _aLiteratura infantil inglesa | |
| 700 | 1 |
_aCollins, Ross, _d1972- _eilustración |
|
| 700 | 1 |
_aDelgado, Yolanda, _etraductor |
|
| 910 | _aVMateo V. Control de calidad. BPMSU | ||
| 942 |
_2ddc _cBK |
||
| 999 |
_c11953 _d11953 |
||